| 000 | 00500nam a2200169Ia 4500 | ||
|---|---|---|---|
| 005 | 20250508163406.0 | ||
| 008 | 008 250505s9999 xx 000 0 eng d | ||
| 037 | _aTextual | ||
| 040 |
_aFEDL _beng _cFEDL |
||
| 041 |
_aeng _2eng |
||
| 084 |
_a375.176, IND _qFEDL |
||
| 245 | 0 | _aPlea for the provision of instruction in the duties of civic and family life (Including sex hygiene) | |
| 260 | _c1938 | ||
| 300 | _a52p. | ||
| 942 |
_cTEXL _h375.176, IND |
||
| 999 |
_c1382788 _d1382788 |
||